Great escape: Health wealth and the origins of inequality (Record no. 1225306)

MARC details
000 -LEADER
fixed length control field 00633nam a2200217Ia 4500
005 - DATE AND TIME OF LATEST TRANSACTION
control field 20241129104313.0
008 - FIXED-LENGTH DATA ELEMENTS--GENERAL INFORMATION
fixed length control field 241129s9999||||xx |||||||||||||| ||und||
020 ## - INTERNATIONAL STANDARD BOOK NUMBER
International Standard Book Number 9780691153544
037 ## - SOURCE OF ACQUISITION
Stock number Textual
040 ## - CATALOGING SOURCE
Original cataloging agency RTL
Language of cataloging eng
Transcribing agency RTL
041 ## - LANGUAGE CODE
Language code of text/sound track or separate title eng
Source of code eng
084 ## - COLON CLASSIFICATION NUMBER
Classification number X:31.1 Q3/TD
Assigning agency RTL
100 ## - MAIN ENTRY--PERSONAL NAME
Personal name Deaton Angus
245 #0 - TITLE STATEMENT
Title Great escape: Health wealth and the origins of inequality
Statement of responsibility, etc. Deaton Angus
260 ## - PUBLICATION, DISTRIBUTION, ETC.
Place of publication, distribution, etc. Princeton
Name of publisher, distributor, etc. Princeton University Press
Date of publication, distribution, etc. 2015
300 ## - PHYSICAL DESCRIPTION
Extent xv 360p.
365 ## - TRADE PRICE
Price type code INR
Price amount Rs.1550.00
650 ## - SUBJECT ADDED ENTRY--TOPICAL TERM
Topical term or geographic name entry element National Income
942 ## - ADDED ENTRY ELEMENTS (KOHA)
Koha item type Textbook
Classification part X:31.1 Q3/TD
Holdings
Withdrawn status Lost status Damaged status Not for loan Home library Current library Date acquired Source of acquisition Inventory number Total Checkouts Full call number Barcode Date last seen Price effective from Koha item type
        Ratan Tata Library Ratan Tata Library 2024-11-29 Shivam Book Service 183 & 21/02/2024   X:31.1 Q3/TD RT1528242 2024-11-29 2024-11-29 Textbook
Copyright @ Delhi University Library System